01218 2200349 4500001002100000005001500021035002000036007000300056008004100059100002600100245014800126300003700274020002200311082001000333084001900343250002200362264003600384336002100420337003000441338002300471490001900494520016100513650001400674650001200688650001900700700002900719700003200748700002700780700002900807990001600836990001600852INLIS00000000116471820240926080445 a0010-0924000170ta240926 b 0 ind 0 aArif Hidayahepenulis1 aAl-Jazari :bperancang mesin pengangkat air /cArif Hidayah, Ana P. Dewiyana; penyunting, Ana P. Dewiyana, Risma Dewi; ilustrator, Joy Subarjah a20 halaman :bilustrasi ;c18 cm a978-602-472-262-3 a2X9.7 aSR 2X9.7 ARI a aCetakan vii, 2023 aBandung :bPelangi Mizan,c2023 2rdacontentaTeks 2rdamediaaTanpa perantara 2rdacarrieraVolume aIlmuwan muslim abuku ini berisi tentang biografi singkat tentang tokoh ilmuwan muslim, yaitu Al-jazari. beliau merupakan tokoh ahli di bidang perancang mesin pengangkat air 4aAl-Jazari 4aIlmuwan 4aBiografi Islam0 aAna P. Dewiyanaepenulis0 aAna P. Dewiyanaepenyunting0 aRisma Dewiepenyunting0 aJoy Subarjaheilustrator a53498.66318 a53499.66319